000
00334pab a2200145 454500
008
180718b1985 xxu||||| |||| 00| 0 eng d
100
_a
Krishna Menon, A.G.
245
_a
Delhi in the year 2000
260
_c
1985
300
_a
20-4
362
_a
Aug.
650
_a
City Planning - India - Delhi
773
_a
Seminar
909
_a
5507
999
_c
5507
_d
5507